UM Logo

Earth science: (Record no. 5005)

MARC details
000 -LEADER
fixed length control field 00468nam a22001457a 4500
008 - FIXED-LENGTH DATA ELEMENTS--GENERAL INFORMATION
fixed length control field 161003b xxu||||| |||| 00| 0 eng d
020 ## - INTERNATIONAL STANDARD BOOK NUMBER
International Standard Book Number 9717250898
082 ## - DEWEY DECIMAL CLASSIFICATION NUMBER
Edition number 2002
Classification number DFil 550
Item number Sa5
100 ## - MAIN ENTRY--PERSONAL NAME
9 (RLIN) 15690
Personal name San Felipe, Vivian O.
245 ## - TITLE STATEMENT
Title Earth science:
Remainder of title a modular approach/
Statement of responsibility, etc. Vivian O. San Felipe.
260 ## - PUBLICATION, DISTRIBUTION, ETC. (IMPRINT)
Place of publication, distribution, etc. Makati City:
Name of publisher, distributor, etc. Grandwater Publications,
Date of publication, distribution, etc. c2002.
300 ## - PHYSICAL DESCRIPTION
Extent 107 pages:
Other physical details illustrations;
Dimensions 22 cm.
650 #0 - SUBJECT ADDED ENTRY--TOPICAL TERM
9 (RLIN) 15691
Topical term or geographic name as entry element Earth sciences.
942 ## - ADDED ENTRY ELEMENTS (KOHA)
Source of classification or shelving scheme Dewey Decimal Classification
Koha item type Filipiniana
Holdings
Withdrawn status Lost status Source of classification or shelving scheme Damaged status Not for loan Collection code Home library Current library Shelving location Date acquired Source of acquisition Total Checkouts Full call number Barcode Date last seen Date last checked out Price effective from Koha item type
    Dewey Decimal Classification     Filipiniana UM Digos College - LIC UM Digos College - LIC Book Cart 10/24/2008 Purchased 2 DFil 550 Sa5 2002 19776 05/15/2025 03/01/2023 10/03/2016 Filipiniana